00236nam a22000857a 4500040000700000082000800007100001600015245004800031260007100079 cHS a540 aTHO KIMEANG aThe science and practice of crop production aUniversity of the philippines los banos (UPLB)bTHO KIMEANGc2001